Оптимизация многофакторного эксперимента в химии: учебное пособие

Detalles Bibliográficos
Autor Corporativo: Национальный исследовательский Томский политехнический университет (ТПУ)
Outros autores: Короткова Е. И. Елена Ивановна, Дорожко Е. В. Елена Владимировна, Воронова О. А. Олеся Александровна, Липских О. И. Ольга Ивановна
Summary:Заглавие с титульного экрана
Электронная версия печатной публикации
В пособии кратко изложены основные методы оптимизации многофакторного эксперимента. В доступной форме даны основы методов математической статистики, применяемые для обработки результатов эксперимента. Приведены примеры использования методов оптимизации эксперимента в химии. Включены необходимые справочные материалы (статистические таблицы). Пособие предназначено для студентов старших курсов химических специальностей высших учебных заведений.
Режим доступа: из корпоративной сети ТПУ
Idioma:ruso
Publicado: Томск, Изд-во ТПУ, 2021
Subjects:
Acceso en liña:https://www.lib.tpu.ru/fulltext2/m/2021/m53.pdf
Formato: Electrónico Libro
KOHA link:https://koha.lib.tpu.ru/cgi-bin/koha/opac-detail.pl?biblionumber=346976

MARC

LEADER 00000nlm0a2200000 4500
001 346976
005 20240215160322.0
035 |a (RuTPU)RU\TPU\book\378861 
035 |a RU\TPU\book\235704 
090 |a 346976 
100 |a 20211221d2021 m y0rusy50 ca 
101 0 |a rus 
102 |a RU 
105 |a a j 001zy 
135 |a drgn ---uucaa 
181 0 |a i  
182 0 |a b 
200 1 |a Оптимизация многофакторного эксперимента в химии  |e учебное пособие  |f Е. И. Короткова, Е. В. Дорожко, О. А. Воронова, О. И. Липских  |g Национальный исследовательский Томский политехнический университет (ТПУ) 
203 |a Текст  |c электронный 
210 |a Томск  |c Изд-во ТПУ  |d 2021 
300 |a Заглавие с титульного экрана 
300 |a Электронная версия печатной публикации 
330 |a В пособии кратко изложены основные методы оптимизации многофакторного эксперимента. В доступной форме даны основы методов математической статистики, применяемые для обработки результатов эксперимента. Приведены примеры использования методов оптимизации эксперимента в химии. Включены необходимые справочные материалы (статистические таблицы). Пособие предназначено для студентов старших курсов химических специальностей высших учебных заведений. 
333 |a Режим доступа: из корпоративной сети ТПУ 
452 1 |0 (RuTPU)RU\TPU\book\379139  |y 978-5-4387-1055-4  |t Оптимизация многофакторного эксперимента в химии  |o учебное пособие  |f Е. И. Короткова, Е. В. Дорожко, О. А. Воронова, О. И. Липских  |g Национальный исследовательский Томский политехнический университет  |c Томск  |n Изд-во ТПУ  |d 2021  |p 85 с. 
606 1 |a Химический эксперимент  |2 stltpush  |3 (RuTPU)RU\TPU\subj\72794  |9 86188 
610 1 |a электронный ресурс 
610 1 |a труды учёных ТПУ 
610 1 |a учебные пособия 
610 1 |a планирование эксперимента 
610 1 |a регрессионный анализ 
610 1 |a многофакторный анализ 
610 1 |a отклики 
610 1 |a экстремумы 
675 |a 542(075.8)  |v 3 
701 1 |a Короткова  |b Е. И.  |c химик  |c профессор Томского политехнического университета, доктор химических наук  |f 1965-  |g Елена Ивановна  |3 (RuTPU)RU\TPU\pers\27109  |9 12659 
701 1 |a Дорожко  |b Е. В.  |c химик  |c инженер Томского политехнического университета  |f 1979-  |g Елена Владимировна  |3 (RuTPU)RU\TPU\pers\27108  |9 12658 
701 1 |a Воронова  |b О. А.  |c химик  |c ассистент Томского политехнического университета, кандидат химических наук  |f 1979-  |g Олеся Александровна  |3 (RuTPU)RU\TPU\pers\29232  |9 13834 
701 1 |a Липских  |b О. И.  |c химик  |c инженер Томского политехнического университета  |f 1984-  |g Ольга Ивановна  |3 (RuTPU)RU\TPU\pers\36679 
712 0 2 |a Национальный исследовательский Томский политехнический университет (ТПУ)  |c (2009- )  |3 (RuTPU)RU\TPU\col\15902 
801 1 |a RU  |b 63413507  |c 20120516 
801 2 |a RU  |b 63413507  |c 20220325  |g RCR 
856 4 |u https://www.lib.tpu.ru/fulltext2/m/2021/m53.pdf 
942 |c CF